Grammar activities 2 : upper intermediate

Bibliographic Details
Main Authors: Forsyth, Will (Author), Lavender, Sue (Author)
Format: Book
Published: Oxford : Heinemann , 1995
Subjects:

MARC

LEADER 00000cam a2200000 7i4500
001 0000031313
005 20021119093000.0
008 021119n
020 |a 0435250957 
090 0 0 |a PE1112   |b .F672 1995 
100 0 |a Forsyth, Will ,   |e author 
245 0 0 |a Grammar activities 2 :   |b upper intermediate   |c Will Forsyth, Sue Lavender 
260 2 |a Oxford :   |b Heinemann ,   |c 1995 
300 |a 92 p. ; ;   |c 30 cm. 
504 |a Includes index 
650 0 |a English language   |x Grammar 
700 0 |a Lavender, Sue ,   |e author 
999 |a 1000061994   |b Book   |c OPEN SHELF (30 DAYS)   |e Gong Badak Campus